The philosophical journey an interactive approach

Spremljeno u:
Bibliografski detalji
Glavni autor: Lawhead, William F.
Daljnji autori: 1963- 1945- 1955-
Format: Knjiga
Jezik:English
Izdano: New York, NY McGraw-Hill 2009
Izdanje:5th ed.
Teme:
Oznake: Dodaj oznaku
Bez oznaka, Budi prvi tko označuje ovaj zapis!
Thư viện lưu trữ: Mạng thư viện Đại học Đà Nẵng
LEADER 01191nam a2200337 4500
001 000023502
003 19954
005 20151216161240.0
008 151216s2009 engsd
020 |a 0073535877  |a 9780073535876 
041 0 |a eng 
082 1 4 |a 100  |b LA-W 
100 1 |a Lawhead, William F. 
245 1 4 |a The philosophical journey  |b an interactive approach  |c William F. Lawhead 
250 |a 5th ed. 
260 |a New York, NY  |b McGraw-Hill  |c 2009 
300 |a x, 664 p.  |b chiefly col. ill., col. maps  |c 26 cm. 
500 |a Includes bibliographical references and index 
650 0 |a Philosophy  |v Introductions 
653 |a Tâm lý học 
700 1 |d 1963-  |d 1945-  |d 1955-  |q Erminio Peter  |q Pamela A.  |t Understanding evolution 
OWN |a LSP 
AVA |a UDN50  |b LSP  |d 100 LA-W  |e available  |t Error 5001 Not defined in file expand_doc_bib_avail.  |f 1  |g 0  |h N  |i 0  |k 1 
999 |a From the UDN01 
AVA |a UDN50  |b LSP  |d 100 LA-W  |e available  |t Error 5001 Not defined in file expand_doc_bib_avail.  |f 1  |g 0  |h N  |i 0  |k 1 
TYP |a Monograph 
TYP |a Printed language 
980 |a Mạng thư viện Đại học Đà Nẵng